000 004100000a22001690004500
003 MACL
005 20150707151633.0
008 150707b xxu||||| |||| 00| 0 eng d
040 _aMACL
_cMACL
041 _aEnglish
100 _aMoudud, Hasna Jasimuddin
_91215
245 _aWomen in China
260 _bShakti Publishers
_c1980
_aNew Delhi
350 _a75
650 _aSociology
_919
942 _cBK
_k307
_2ddc
999 _c5918
_d5918